| 000 | 00924nam a2200229Ia 4500 | ||
|---|---|---|---|
| 001 | 15643 | ||
| 003 | GE_BSU | ||
| 008 | 181216s||||||||xx |||||||||||||| ||und|| | ||
| 040 | _cGE_BSU | ||
| 080 | _a821.353.1-1 | ||
| 100 | _aწერეთელი, ა. | ||
| 245 | _aთხზულებათა სრული კრებული : 15 ტომად. ტ.2 | ||
| 245 | _bლექსები, 1880-1900 | ||
| 245 | _cსარედ.კოლ.გ.აბზიანიძე.ტექსტი და ვარიანტები დაამუშავა ს. ყუბანეიშვილმა | ||
| 260 | _aთბილისი | ||
| 260 | _bსახელგამი | ||
| 260 | _c1950 | ||
| 300 | _a565 გვ. : 1 ფურც. პორტრ.18 მ. | ||
| 653 | _aთხზულებათა სრული კრებული | ||
| 653 | _aლექსები | ||
| 942 | _cBK | ||
| 999 |
_c48743 _d48743 |
||